000 00310nam a2200121Ia 4500
008 210430s9999 xx 000 0 und d
082 _a620.5 D6189 N
100 _aDr.Parag Diwan
_954137
245 _aNano Composites
_cDr.Parag Diwan
260 _aIndia
_bPentagon
_c2007
300 _a156 p
942 _cBK
_2ddc
999 _c565026
_d565026